000 00486nam a22001817a 4500
003 CEME
005 20210628202208.0
008 210209b xxu||||| |||| 00| 0 eng d
020 _a3-540-21976-5
040 _c.
082 _a510.71 HOF
100 _aHoffman , J ,Johnson , C ,Logg , A
_958702
245 _aDreams of calculus ,perspectives on mathematics education
260 _aNEW YORK
_bSPRINGER
_c2004
300 _aXIII,158P
650 _aCALCULUS
_916321
942 _cBK
_2ddc
999 _c568837
_d568837